| 000 | 00466nam a2200169Ia 4500 | ||
|---|---|---|---|
| 005 | 20250508164753.0 | ||
| 008 | 008 250505s9999 xx 000 0 eng d | ||
| 020 | _a0970-1575 | ||
| 037 | _aPeriodicals | ||
| 040 |
_aFEDL _beng _cFEDL |
||
| 041 |
_aeng _2eng |
||
| 084 | _qFEDL | ||
| 245 | 0 | _aPerspectives in education | |
| 546 | _aSociety for Educational Research and Development; Quarterly; V.22, No. 3 missing | ||
| 942 | _cCR | ||
| 999 |
_c1391036 _d1391036 |
||